E-business and E-commerce (Record no. 75672)
[ view plain ]
| 000 -LEADER | |
|---|---|
| fixed length control field | 01244nam a2200241 a 4500 |
| 008 - FIXED-LENGTH DATA ELEMENTS--GENERAL INFORMATION | |
| fixed length control field | 120416s2004 ||||||||||||||||| || u |
| 020 ## - INTERNATIONAL STANDARD BOOK NUMBER | |
| International Standard Book Number | 0273683780 |
| 050 ## - LIBRARY OF CONGRESS CALL NUMBER | |
| Classification number | HF 5548.32 Cha |
| 100 ## - MAIN ENTRY--PERSONAL NAME | |
| Personal name | Chaffey, Dave |
| 245 10 - TITLE STATEMENT | |
| Title | E-business and E-commerce |
| 246 ## - | |
| -- | strategy, implementation and practice. |
| 250 ## - EDITION STATEMENT | |
| Edition statement | 2nd edition |
| 260 ## - PUBLICATION, DISTRIBUTION, ETC. | |
| Place of publication, distribution, etc. | New York |
| Name of publisher, distributor, etc. | Pearson |
| Date of publication, distribution, etc. | 2004 |
| 300 ## - PHYSICAL DESCRIPTION | |
| Extent | xxvi, 589p. :ill. |
| 350 ## - | |
| -- | 0.00 |
| 650 ## - SUBJECT ADDED ENTRY--TOPICAL TERM | |
| Topical term or geographic name entry element | ELECTRONIC COMMERCE--EAST AFRICAN COMMUNITY |
| 650 #0 - SUBJECT ADDED ENTRY--TOPICAL TERM | |
| Topical term or geographic name entry element | COMMERCE |
| 650 ## - SUBJECT ADDED ENTRY--TOPICAL TERM | |
| Topical term or geographic name entry element | BUSINESS ENTERPRISES--COMPUTER NETWORKS |
| 995 ## - | |
| -- | ANNEX COLLECTION (Main Library) |
| -- | 0.00 |
| -- | 736372 |
| -- | CBU-MAIN LIBRARY (Kitwe) |
| -- | 2 |
| -- | 25.00 |
| -- | HF 5548.32 Cha |
| -- | 2 |
| -- | AVAILABLE |
| -- | Jul 19, 2006 |
| -- | 40836 |
| -- | Annex Low-Usage Collection |
| 995 ## - | |
| -- | MAIN LIBRARY OPEN ACCESS |
| -- | 0.00 |
| -- | 736371 |
| -- | CBU-MAIN LIBRARY (Kitwe) |
| -- | 3 |
| -- | 25.00 |
| -- | HF 5548.32 Cha |
| -- | 3 |
| -- | AVAILABLE |
| -- | Nov 20, 2006 |
| -- | 40838 |
| -- | Main Library Open Access Collection |
| 995 ## - | |
| -- | MAIN LIBRARY OPEN ACCESS |
| -- | 0.00 |
| -- | 736369 |
| -- | CBU-MAIN LIBRARY (Kitwe) |
| -- | 1 |
| -- | 25.00 |
| -- | HF 5548.32 Cha |
| -- | 1 |
| -- | AVAILABLE |
| -- | 40835 |
| -- | Main Library Open Access Collection |
| 995 ## - | |
| -- | MAIN LIBRARY OPEN ACCESS |
| -- | 0.00 |
| -- | 736370 |
| -- | CBU-MAIN LIBRARY (Kitwe) |
| -- | 4 |
| -- | 25.00 |
| -- | HF 5548.32 Cha |
| -- | 4 |
| -- | AVAILABLE |
| -- | 40833 |
| -- | Main Library Open Access Collection |
| 999 ## - | |
| -- | 75672 |
| -- | 75672 |
| Withdrawn status | Lost status | Source of classification or shelving scheme | Damaged status | Not for loan | Permanent Location | Current Location | Shelving location | Date acquired | Total Checkouts | Full call number | Barcode | Date last seen | Copy number | Price effective from | Koha item type |
|---|---|---|---|---|---|---|---|---|---|---|---|---|---|---|---|
| CBU-MAIN LIBRARY, KITWE. | CBU-MAIN LIBRARY, KITWE. | 04/24/2023 | HF 5548.32 Cha | 40836 | 04/24/2023 | 1 | 04/24/2023 | MONOGRAPH | |||||||
| CBU-MAIN LIBRARY, KITWE. | CBU-MAIN LIBRARY, KITWE. | 04/24/2023 | HF 5548.32 Cha | 40838 | 04/24/2023 | 2 | 04/24/2023 | MONOGRAPH | |||||||
| CBU-MAIN LIBRARY, KITWE. | CBU-MAIN LIBRARY, KITWE. | 04/24/2023 | HF 5548.32 Cha | 40835 | 04/24/2023 | 3 | 04/24/2023 | MONOGRAPH | |||||||
| CBU-MAIN LIBRARY, KITWE. | CBU-MAIN LIBRARY, KITWE. | 04/24/2023 | HF 5548.32 Cha | 40833 | 04/24/2023 | 4 | 04/24/2023 | MONOGRAPH |